|
|
|
|
| LEADER |
00754nab a2200181 i 4500 |
| 001 |
misc4828 |
| 005 |
20191106142904.0 |
| 008 |
170607s1928 hu o 0|| hun d |
| 040 |
|
|
|a SZTE Miscellanea Repozitórium
|b hun
|
| 041 |
|
|
|a hun
|
| 100 |
1 |
|
|a Wagner György
|
| 245 |
1 |
0 |
|a Értékpapir [!értékpapír] és okirat birói [!bírói] megsemmisitése [!megsemmisítése]
|h [elektronikus dokumentum] :
|b [könyvismertetés] /
|c Wagner György
|
| 260 |
|
|
|c 1928
|
| 300 |
|
|
|a 93a
|
| 490 |
0 |
|
|a Polgári jog : a hazai és külföldi magánjog és hiteljog szemléje
|v 4 No. 4
|
| 695 |
|
|
|a Eljárásjog okiratmegsemmisítés jogi szabályozás
|
| 700 |
0 |
1 |
|a Sikorszky Sándor
|
| 856 |
4 |
0 |
|u http://misc.bibl.u-szeged.hu/4828/1/polgari_jog_1928_093a.pdf
|z Dokumentum-elérés
|